Juna-asemat kartalla - Itä-Suomi - Statistics

Yleistilastot
  • Tätä visaa on pelattu 212 kertaa
  • Keskiarvotulos 13 / 24
Vastaukset kartalla
Vastauksille on annettu kartalla punavihreä väri sen mukaan, kuinka moni on saanut sen oikein.
 
Vastaustilastot
Vastaus % Oikein
Joensuu
98%
Kuopio
95%
Pieksämäki
84%
Iisalmi
83%
Kitee
83%
Lieksa
79%
Nurmes
79%
Siilinjärvi
77%
Varkaus
74%
Suonenjoki
66%
Lapinlahti
65%
Heinävesi
56%
Kiuruvesi
51%
Hankasalmi
49%
Eno
46%
Uimaharju
41%
Sukeva
39%
Viinijärvi
38%
Runni
26%
Höljäkkä
24%
Vihtari
21%
Kylänlahti
19%
Vuonislahti
19%
Kohtavaara
18%
Ehtoja vastaavia visoja ei löytynyt
Tulosjakauma
Jokaisen tuloksen saaneiden osuus
Persentiili vastausten määrän mukaan
Tuloshistoriasi
Et ole pelannut tätä visaa